| 000 | 01097nam a22003497a 4500 | ||
|---|---|---|---|
| 003 | CHAP | ||
| 005 | 20220817042232.0 | ||
| 008 | 971013s1986 r 00010 d | ||
| 010 | _a38323 | ||
| 011 | _a39295 | ||
| 035 | _a43415 | ||
| 040 | _cCHAP | ||
| 082 |
_a631.5 _bF32f |
||
| 110 | _aFAO | ||
| 245 | _aLavenis de la culture itinérante en Afrique et les táches des Universites | ||
| 260 |
_aRome : _bFAO, _c1986 |
||
| 300 |
_a254 p. _b: ilus. |
||
| 590 |
_aBATCH-UPD _b10 _c20130110 _lUCH01 _h0315 |
||
| 590 |
_aBATCH-UPD _b10 _c20130110 _lUCH01 _h1937 |
||
| 590 |
_aBATCH-UPD _b10 _c20130409 _lUCH01 _h2348 |
||
| 590 |
_aBATCH-UPD _b10 _c20130913 _lUCH01 _h2346 |
||
| 590 |
_aCONVERSION _b10 _c20130109 _lUCH01 _h1321 |
||
| 650 | 1 | 4 |
_aAgricultura migratoria. _92004 |
| 650 | 1 | 4 |
_aAgricultura _xAfrica _zAfrica. _9175391 |
| 650 | 1 | 4 |
_aEducación agrícola _xAfrica. _935492 |
| 650 | 1 | 4 |
_aSistemas de cultivo. _9106746 |
| 700 | 0 |
_aBunting, A. H. _916084 |
|
| 700 | 0 |
_aBunting, Edward. _916086 |
|
| 901 | _aBK | ||
| 942 | _cLIBRO | ||
| 949 |
_a631.5 F32f _bBC _cFAO _d-99479 _eFAO1 _h71011 _i43415 _si |
||
| 999 |
_c38323 _d38323 |
||